00289nam a2200097Ia 4500008004100000100002100041245006800062260002900130300000800159650002400167191201s2019 xx 000 0 und d aRAJA SEKARAN, VN 0aPharmaceutical chemistry II theory and practical for final year bCBS PubaNew Delhic2019 a459 aMedicinal Chemistry